| 000 | 01186nam0a2200325 4500 | ||
|---|---|---|---|
| 001 | RU\NLR\bibl\1047410 | ||
| 005 | 20260405085515.0 | ||
| 010 |
_a5-8183-0752-2 _92600 |
||
| 021 |
_aRU _b2006-87146 _94417 |
||
| 035 | _a(NLR Aleph) 001034754 | ||
| 090 |
_a781076 _c781076 |
||
| 100 | _a20070117d2006 |||y0rusy50 ca | ||
| 101 | 1 |
_arus _ceng |
|
| 102 | _aRU | ||
| 105 | _ay ||||||||| | ||
| 200 | 1 |
_aТантрический секс _fРичард Крейз _g[пер. с англ. Т. Новиковой] |
|
| 210 |
_aМосква _cФаир-пресс _d2006 |
||
| 215 |
_a183,[1] c. _d20 |
||
| 300 | _aЗагл. и авт. ориг.: Tantric sex / Richard Craze | ||
| 454 | 0 |
_12001#$aTantric sex _1700#1$3RU\NLR\auth\7731457$7ba$aCraze$bR.$gRichard$4070 _tTantric sex _aCraze, Richard |
|
| 606 | 1 |
_aПоловая жизнь _jПопулярные издания _9963461 _3RU\NLR\auth\6641269 |
|
| 686 | _aР702я9 | ||
| 686 | _aС550.53я9 | ||
| 700 | 1 |
_4070 _7ca _8rus _aКрейз _bР. _gРичард _914466 _3RU\NLR\auth\7731456 |
|
| 801 | 0 |
_aRU _bNLR _c20051116 _grcr |
|
| 801 | 1 |
_aRU _bNLR _c20051116 |
|
| 942 | _cBOOK | ||
| 980 | _aNB | ||
| 980 | _aSUPPRESS | ||